The energy challenge (Record no. 105590)

MARC details
000 -LEADER
fixed length control field 01134cam a2200229 4500
001 - CONTROL NUMBER
control field ##L134185
008 - FIXED-LENGTH DATA ELEMENTS--GENERAL INFORMATION
fixed length control field 060717n2006 000 0 eng u
035 ## - SYSTEM CONTROL NUMBER
System control number (Sirsi) u134185
041 0# - LANGUAGE CODE
Language code of text/sound track or separate title eng
050 04 - LIBRARY OF CONGRESS CALL NUMBER
Classification number 333.790941 $2 22
110 1# - MAIN ENTRY--CORPORATE NAME
Corporate name or jurisdiction name as entry element United Kingdom
Subordinate unit Department of Trade and Industry
245 04 - TITLE STATEMENT
Title The energy challenge
Remainder of title energy review report 2006
260 ## - PUBLICATION, DISTRIBUTION, ETC.
Place of publication, distribution, etc. London
Name of publisher, distributor, etc. TSO
Date of publication, distribution, etc. 2006
490 #0 - SERIES STATEMENT
Series statement Cm
Volume/sequential designation 6887
520 ## - SUMMARY, ETC.
Summary, etc. Examines progress against the medium and long-term goals set out in the 2003 Energy White Paper (J125519): cutting carbon dioxide emissions by some 60% by about 2050, maintaining reliable energy supplies, promoting competitive energy markets in the UK and beyond and ensuring that every home is adequately and affordably heated. Considers options for further steps to achieve them.
590 ## - LOCAL NOTE (RLIN)
Local note IKA180706 NTK
651 #4 - SUBJECT ADDED ENTRY--GEOGRAPHIC NAME
Geographic name United Kingdom
Chronological subdivision
690 ## - LOCAL SUBJECT ADDED ENTRY--TOPICAL TERM (OCLC, RLIN)
Topical term or geographic name as entry element ENVIRONMENTAL AND LAND CONSULTANCY-ENERGY
690 ## - LOCAL SUBJECT ADDED ENTRY--TOPICAL TERM (OCLC, RLIN)
Topical term or geographic name as entry element ENVIRONMENTAL AND LAND CONSULTANCY-ENERGY-RENEWABLE ENERGY
856 40 - ELECTRONIC LOCATION AND ACCESS
Uniform Resource Identifier <a href="https://www.dti.gov.uk/energy/review/index.html">https://www.dti.gov.uk/energy/review/index.html</a>
Public note View the report free of charge at www.dti.gov.uk...
942 ## - ADDED ENTRY ELEMENTS (KOHA)
Suppress in OPAC 0
Holdings
Withdrawn status Lost status Source of classification or shelving scheme Damaged status Not for loan Home library Current library Shelving location Date acquired Total Checkouts Full call number Barcode Date last seen Copy number Price effective from Koha item type
    Dewey Decimal Classification     Virtual Virtual Online 17/07/2006   ONLINE PUBLICATION 134185-2001 06/08/2019 1 06/08/2019 Book